The Acquisition of Land (Rate of Interest after Entry) (Scotland) Regulations 1995 (Record no. 94635)

MARC details
000 -LEADER
fixed length control field 01355cam a2200265 4500
008 - FIXED-LENGTH DATA ELEMENTS--GENERAL INFORMATION
fixed length control field 090401t1995 xxu||||| |||| 00| 0 eng d
020 ## - INTERNATIONAL STANDARD BOOK NUMBER
International Standard Book Number 0110537033
035 ## - SYSTEM CONTROL NUMBER
System control number (Sirsi) u64051
041 ## - LANGUAGE CODE
Language code of text/sound track or separate title eng
050 ## - LIBRARY OF CONGRESS CALL NUMBER
Classification number 711.1409411
-- 18
245 #4 - TITLE STATEMENT
Title The Acquisition of Land (Rate of Interest after Entry) (Scotland) Regulations 1995
260 ## - PUBLICATION, DISTRIBUTION, ETC.
Place of publication, distribution, etc. London
Name of publisher, distributor, etc. HMSO
Date of publication, distribution, etc. 1995
300 ## - PHYSICAL DESCRIPTION
Extent 4p.
Dimensions 30cm.
350 ## - PRICE (NR) (BK AM CF MU VM SE) [OBSOLETE]
Price 1.10
490 ## - SERIES STATEMENT
Series statement SI
Volume/sequential designation 1995:2791
520 ## - SUMMARY, ETC.
Summary, etc. Came into force 31 December 1995. Set the rate of interest after entry at 0.5% below bank base rate on the reference days of 31 March, 30 June, 30 Sept and 31 December (or next the business days if any of these days are not business days). Revoke The Acquisition of Land (Rate of Interest after Entry) (Scotland) Regulations 1994.
650 ## - SUBJECT ADDED ENTRY--TOPICAL TERM
Topical term or geographic name entry element LAND COMPENSATION (SCOTLAND) ACT 1963 S40(1)
650 ## - SUBJECT ADDED ENTRY--TOPICAL TERM
Topical term or geographic name entry element ACQUISITION OF LAND (RATE OF INTEREST AFTER ENTRY) (SCOTLAND) REGULATIONS 1995
650 ## - SUBJECT ADDED ENTRY--TOPICAL TERM
Topical term or geographic name entry element SCOTLAND
650 ## - SUBJECT ADDED ENTRY--TOPICAL TERM
Topical term or geographic name entry element ACQUISITION OF LAND (RATE OF INTEREST AFTER ENTRY) (SCOTLAND) REGULATIONS 1994
690 ## - LOCAL SUBJECT ADDED ENTRY--TOPICAL TERM (OCLC, RLIN)
Topical term or geographic name as entry element ENVIRONMENTAL AND LAND CONSULTANCY-PLANNING AND DEVELOPMENT-COMPULSORY PURCHASE AND COMPENSATION
856 ## - ELECTRONIC LOCATION AND ACCESS
Uniform Resource Identifier <a href="https://www.legislation.hmso.gov.uk/si/si1995/Uksi_19952791_en_1.htm">https://www.legislation.hmso.gov.uk/si/si1995/Uksi_19952791_en_1.htm</a>
Public note View the Regulations free of charge at www.hmso.gov.uk...
942 ## - ADDED ENTRY ELEMENTS (KOHA)
Suppress in OPAC 0
948 ## - LOCAL PROCESSING INFORMATION (OCLC); SERIES PART DESIGNATOR (RLIN)
c (OCLC) 04/03/1997
Holdings
Withdrawn status Lost status Source of classification or shelving scheme Damaged status Not for loan Home library Current library Shelving location Date acquired Total Checkouts Full call number Barcode Date last seen Copy number Price effective from Koha item type
    Dewey Decimal Classification     Virtual Virtual Online 04/04/2005   ONLINE PUBLICATION 64051-3001 06/08/2019 1 06/08/2019 Book